Polar bears (Record no. 5527)
[ view plain ]
| 000 -LEADER | |
|---|---|
| fixed length control field | 00599nam a22002057a 4500 |
| 005 - DATE AND TIME OF LATEST TRANSACTION | |
| control field | 20250519112339.0 |
| 008 - FIXED-LENGTH DATA ELEMENTS--GENERAL INFORMATION | |
| fixed length control field | 250519b |||||||| |||| 00| 0 eng d |
| 040 ## - CATALOGING SOURCE | |
| Transcribing agency | DepED Dasmarinas City |
| 245 ## - TITLE STATEMENT | |
| Title | Polar bears |
| 250 ## - EDITION | |
| Edition statement | December 2000 Vol. 198 No. 6 |
| 490 ## - SERIES STATEMENT | |
| SERIES STATEMENT | National Geographic |
| 520 ## - SUMMARY, ETC. | |
| Summary, etc. | Blue Nile, Polar Bears, Dawn of Humans, Fiordland, In Search of Lake Wobegon, Journey to Shipton's Arch, North Pole, Alaska |
| 650 ## - SUBJECT ADDED ENTRY--TOPICAL TERM | |
| General subdivision | SACRED WATERS |
| 650 ## - SUBJECT ADDED ENTRY--TOPICAL TERM | |
| General subdivision | BEAR |
| 650 ## - SUBJECT ADDED ENTRY--TOPICAL TERM | |
| General subdivision | THE DAWN OF HUMANS |
| 650 ## - SUBJECT ADDED ENTRY--TOPICAL TERM | |
| General subdivision | FIORDLAND |
| 650 ## - SUBJECT ADDED ENTRY--TOPICAL TERM | |
| General subdivision | LAKE WOBEGON |
| 650 ## - SUBJECT ADDED ENTRY--TOPICAL TERM | |
| General subdivision | SHIPTON'S ARCH |
| 942 ## - ADDED ENTRY ELEMENTS (KOHA) | |
| Source of classification or shelving scheme | Dewey Decimal Classification |
| Koha item type | Continuing Resources |
| 999 ## - | |
| -- | 5527 |
| -- | 5527 |
| Homebranch | current branch | Barcode |
|---|---|---|
| DepED Dasmarinas City | DepED Dasmarinas City | DSMSR122000-057 |
